000 00392nam a2200169Ia 4500
001 24926
005 20260414151116.0
008 260414t2021||||xx |||||||||||||| ||spa||
041 _aESP
082 _a346C4
_bG312 T. 8 2021
245 0 _aCódigo civil comentado
_b
260 _c2021
300 _a637 páginas :
_c24 cm.
650 _aDER
654 _aCDE
942 _cLIB
_dJUS
_fJUS
_2ddc
_n
999 _c24926
_d24926